| 000 | 00923nam a22003017a 4500 | ||
|---|---|---|---|
| 003 | CHAP | ||
| 005 | 20220329133931.0 | ||
| 008 | 971013s1945 mx r 00010 spa d | ||
| 010 | _a12887 | ||
| 011 | _a13859 | ||
| 035 | _a17931 | ||
| 040 | _cCHAP | ||
| 090 | _aTesis | ||
| 100 | 0 | 0 |
_aCasavantes G., Alberto. _919798 |
| 245 | 1 | _aActividades prácticas en los ganados de la granja | |
| 260 |
_aChapingo, Méx. : _bEl autor, _c1945 |
||
| 300 | _a49 h. | ||
| 502 | _aTesis (Ing. Agr. Esp. en Fitotecnia) -- ENA. Departamento de Fitotecnia | ||
| 590 |
_aALEPH _b10 _c20130110 _lUCH01 _h1231 |
||
| 590 |
_aBATCH-UPD _b10 _c20130110 _lUCH01 _h1830 |
||
| 590 |
_aBATCH-UPD _b10 _c20130410 _lUCH01 _h1202 |
||
| 590 |
_aBATCH-UPD _b10 _c20130914 _lUCH01 _h0925 |
||
| 590 |
_aCONVERSION _b10 _c20130109 _lUCH01 _h1308 |
||
| 650 | 1 | 4 |
_aGanadería. _944604 |
| 901 | _aBK | ||
| 942 | _cTESIS | ||
| 949 |
_bBC _cTES _d-41987 _eTS1 _i17931 _si |
||
| 999 |
_c12887 _d12887 |
||